000
00308nam a22001337a 4500
008
170307b xxu||||| |||| 00| 0 eng d
020
_a
9780072907551
041
_a
eng
080
_2
3RD
_a
611
100
_a
6
101
_a
SHM
245
_a
LABORATORY ATLAS OF ANATOMY AND PHYSIOLOGY
_c
EDER
942
_2
udc
_c
BK
999
_c
6974
_d
6974